Регионална библиотека "Любен Каравелов" - Русе

Престолнина (Запис номер 160142)

MARC детайли
000 -Лидер
Контролно поле с фиксирана дължина 01348nam a2200397 c 4500
003 - Код на организацията, давaща контролен номер
Контролно поле BLK
005 - Дата и час на последна редакция
Контролно поле 20240321153212.0
008 - Елементи от данни с фиксирана дължина
fixed length control field 180410b bul|||||r ||||||| ||bul||
010 ## - Наследен системен номер
LC control number KNG00167344000
040 ## - Източник на каталожния запис
Идентификатор на билиотеката - собственик на записа BLK
041 ## - Код за език
Код за езика на текст/звукозапис или на отделно заглавие Български
Код за езика КДБФ Български
072 #7 - Код за тематичната категория
Код организация bullib
Код за тематична категория К
Текст Краезнание
072 #7 - Код за тематичната категория
Код организация bullib
Код за тематична категория Я
Текст Автографи
080 ## - УДК
Текстов определител УДК Българска литература
УДК код - определител по УДК 821.163.2
УДК определител -4
УДК - код + определител 821.163.2-4
100 ## - Редна дума - Автор
Автор Калоянов, Анчо
Автор - информация (биография) Анчев, Анчо Йорданов Писател, фолклорист, професор във ВТУ "Кирил и Методии"
Дати, свързани с автора 1943 -
R(LIN) 363964
139 ## - Редно поле
Редна дума Калоянов, Анчо
Авторски знак Кало - К 18
245 10 - Сведения за заглавието
Заглавие Престолнина
Подзаглавни данни Есета
Редно поле (дума) Анчо Калоянов.
257 ## - Страна на издаване
Страна на създаване/издаване България
260 ## - Област на издателските данни
Място на издаване, разпространение и проч. София
Име на издателя, разпространителя и проч. ОФ
Година на издаване 1985
300 ## - Физическа характеристика
Страници 171 с.
Размери/Мащаб 17 см
380 ## - Жанр
Жанр Худож. лит.
490 ## - СЕРИИ (Колекции)
Име на серия Писател и общество
9 (RLIN) 204977
500 ## - Общи забележки
Забележка 3 200 тир.
653 ## - Ключова дума – ненормативна
Ключова дума есета
659 ## - Тематичен бюлетин
Тематичен бюлетин К
659 ## - Тематичен бюлетин
Тематичен бюлетин Я
852 ## - Местоположение
Форматна сигнатура Цб І 21970
852 ## - Местоположение
Форматна сигнатура К 821.163.2/К 18 А
856 4# - Електронен адрес и достъп
Електронен формат pdf - файл
856 4# - Електронен адрес и достъп
Електронен формат pdf - файл
999 ## - СИСТЕМНИ КОНТРОЛНИ НОМЕРА
Koha biblionumber 160142
Koha biblioitemnumber 160142
942 ## - АРТИКУЛИ
Вид на библиотечния материал Книги
Скрит в OPAC Не
Периодичен библиозапис Да
944 ## - СЪЗДАВАНЕ И РЕДАКЦИЯ на ЗАПИСА
Създаване/Редакция Създаване
Дата на регистрацията/редакция 14.11.2014
Статус, дата на статуса Христина Везирева
Служител, извършил регистрацията/редакцията 30535
944 ## - СЪЗДАВАНЕ И РЕДАКЦИЯ на ЗАПИСА
Създаване/Редакция Редакция
Дата на регистрацията/редакция 14.11.2014
Статус, дата на статуса 14.11.2014 - от С1,Р / 14.11.2014
999 ## - СИСТЕМНИ КОНТРОЛНИ НОМЕРА
Koha biblioitemnumber 160142
999 ## - СИСТЕМНИ КОНТРОЛНИ НОМЕРА
Koha biblioitemnumber 160142
Наличности
Код за отписване Код за изгубен артикул Източник на класификационната схема Код за повреда Коз за рестрикции Код за отдаване Артикулен № Име на библиотеката - собственик Име на библиотеката, в която се намира в момента Статус (Текущо местоположение) Дата на вписване в системата Местоположение - отдел Цена в лева Инвентарен номер Систематично азбучна сигнатура Баркод Номер на екземпляра Цена в евро Служебна бележка Служебен тип на артикула Номерация (Хронология)
  Не е изгубен Universal Decimal Classification Не е повреден без рестрикции ползва се в читалня 267644 Регионална библиотека "Любен Каравелов" Русе Регионална библиотека "Любен Каравелов" Русе Хранилище 1985-01-01 Хранилище 0.69 429219 Цб І 21970 120000429219 1 0.35 Дост: Dp Вид: Д Дата: 01.01.1985 Книги  
  Не е изгубен Universal Decimal Classification Не е повреден без рестрикции ползва се в читалня 267645 Регионална библиотека "Любен Каравелов" Русе Регионална библиотека "Любен Каравелов" Русе Краезнание 1985-01-01 Краезнание 0.69 428552 К 821.163.2/К 18 А 120000428552 2 0.35 Вид: Сф Дата: 01.01.1985 Дата инв: 14.11.2017 Бележки инв: К2017 Книги Автограф: А. Калоянов
Изтеглен Не е изгубен Universal Decimal Classification Не е повреден без рестрикции заемане за дома 267646 Регионална библиотека "Любен Каравелов" Русе Регионална библиотека "Любен Каравелов" Русе Заемна - подръчен фонд 1985-01-01 Заемна - подръчен фонд 0.69 428549 П 886.7-4/К 18 428549 3 0.35 Вид: Сф Дата: 01.01.1985 Книги  
Изтеглен Не е изгубен Universal Decimal Classification Не е повреден без рестрикции заемане за дома 267647 Регионална библиотека "Любен Каравелов" Русе Регионална библиотека "Любен Каравелов" Русе Заемна - подръчен фонд 1985-01-01 Заемна - подръчен фонд 0.69 428548 П 886.7-4/К 18 428548 4 0.35 Вид: Сф Дата: 01.01.1985 Книги  
Vip Innovations Ltd, Rousse, Bulgaria 2025